A hazai és nemzetközi beszámolási kötelezettségek összehasonlítása az OTP Bank Nyrt. gyakorlatának tükrében

Bibliográfiai részletek
Szerző: Hájas Marietta
További közreműködők: Simon Dr. Szilvia
Dokumentumtípus: Diplomadolgozat
Kulcsszavak:MSZSZ
IFRS
különbség
Online Access:http://dolgozattar.uni-bge.hu/13928

MARC

LEADER 00000nta a2200000 i 4500
001 dolg13928
005 20171215165730.0
008 171215suuuu hu om 000 hun d
040 |a BGE Dolgozattár Repozitórium  |b hun 
041 |a hu 
100 1 |a Hájas Marietta 
245 1 2 |a A hazai és nemzetközi beszámolási kötelezettségek összehasonlítása az OTP Bank Nyrt. gyakorlatának tükrében  |c Hájas Marietta  |h [elektronikus dokumentum] 
695 |a MSZSZ 
695 |a IFRS 
695 |a különbség 
700 1 |a Simon Dr. Szilvia  |e ths 
856 4 0 |u http://dolgozattar.uni-bge.hu/13928/1/H%C3%A1jas%20Marietta_szakdolgozat.pdf  |z Dokumentum-elérés 
856 4 0 |u http://dolgozattar.uni-bge.hu/13928/7/H%C3%A1jas%20Marietta_titkos%C3%ADt%C3%A1s.pdf  |z Dokumentum-elérés